00651 2200229 4500001002100000005001500021035002000036007000300056008004100059020002200100082001600122084002200138100001900160245004000179250001000219260007800229300003400307500001100341650002800352504003000380990001100410INLIS00000000000547520200304093548 a0010-0320000043ta200304 g 0 ind  a978-602-9228-04-5 a398.209 598 a398.209 598 AKH k0 aAKHMAD, Elvian1 aKompoeng di Bangka /cAkhmad Elvian acet.1 aPangkalpinang :bDinas Kebudayaan, Pariwisata, Pemuda dan Olahraga,c2014 ajil.1, xi, 372 hlm. ;c21 cm. aIndeks 4aCERITA RAKYAT INDONESIA aBibliografi : hlm.362-368 a7335 a